[Event "GER-ch U10"]
[Site "Willingen"]
[Date "2008.05.11"]
[Round "7"]
[White "Haelterlein, Anna"]
[Black "Hartge, Gedeon"]
[Result "0-1"]
[WhiteElo "841"]
[BlackElo "1064"]
[PlyCount "78"]
[EventDate "2008.05.11"]
[EventType "swiss"]
[EventRounds "11"]
[EventCountry "GER"]
[SourceTitle "CBM 124 Extra"]
[Source "ChessBase"]
[SourceDate "2008.07.03"]
[SourceVersion "1"]
[SourceVersionDate "2008.07.03"]
[SourceQuality "1"]

1. d4 d5 2. c4 e6 3. Nc3 Nf6 4. e3 Bb4 5. Bd2 Nc6 6. Nf3 0-0 7. Bd3 b6 8. 0-0 Bb7 9. a3 Be7 10. Re1 Re8 11. Ne5 Nxe5 12. dxe5 Nd7 13. f4 dxc4 14. Qg4 cxd3 15. Rac1 Nc5 16. b4 Nb3 17. Rcd1 Nxd2 18. Rxd2 Bh4 19. Red1 Be7 20. Rxd3 Qc8 21. Ne2 Ba6 22. R3d2 Bxe2 23. Qxe2 Rd8 24. g3 Rxd2 25. Rxd2 a5 26. b5 Bxa3 27. Rd1 a4 28. Ra1 Bc5 29. g4 a3 30. Ra2 Qb7 31. Kf1 Qh1+ 32. Kf2 Qxh2+ 33. Kf3 Qxe2+ 34. Kxe2 Ra5 35. Kd3 Rxb5 36. e4 Rb2 37. Rxb2 axb2 38. Kc2 Ba3 39. g5 h6 0-1